00585nam a2200193 450000500170000000800410001701000140005802000250007203500130009703700150011004000180012508200120014310000190015524500570017426000390023127000730027030000230034350000250036620090829150244.0700514s1968 enka | 00| 1 eng  aENG-94981 c75.00a9788190718592 aEN-78514 bDBAD / PUB adplbEnglish  a658.151 aEzhumalai, M.  aTechniques of financial analysis /cby M. Ezhumalai  aChennai bRani Publications c2008 bChennai aNo. 2, Shalom Cottage Thiruthangal Avenue, Selavoyal, e51 a124p. c22cm(pbk)  aIncludes references